Statistics for Pokémon Used by Fourth Gym Leaders

Click here to take the quiz!

General Stats

  • This quiz has been taken 150 times
    (6 since last reset)
  • The average score is 41 of 57

Answer Stats

LeaderGamePokémon% Correct
ErikaGSCBellossom
100%
FlanneryECamerupt
100%
ElesaBWEmolga
100%
Crasher WakeDPFloatzel
100%
MortyGSCGastly
100%
AllisterShGengar
100%
MortyGSCGengar
100%
ErikaYGloom
100%
Crasher WakeDPGyarados
100%
MortyGSCHaunter
100%
FlanneryENumel
100%
Crasher WakeDPQuagsire
100%
ErikaRBYTangela
100%
FlanneryRSTorkoal
100%
RamosXYVictreebel
100%
ErikaRBVictreebel
100%
ErikaRBVileplume
100%
ElesaBWZebstrika
100%
FlanneryEArcanine
83%
MortyHGSSDusknoir
83%
RamosXYGogoat
83%
ErikaGSCJumpluff
83%
RamosXYJumpluff
83%
BeaSwMachamp
83%
FlanneryEMagcargo
83%
MortyHGSSMismagius
83%
FlanneryERapidash
83%
FlanneryRSSlugma
83%
ErikaHGSSTangrowth
83%
ErikaYWeepinbell
83%
RamosXYWeepinbell
83%
MortyHGSSDrifblim
67%
FlanneryEGrowlithe
67%
FlanneryEHoundoom
67%
AllisterShMimikyu
67%
KofuSVPelipper
67%
FlanneryEPonyta
67%
MortyHGSSSableye
67%
BeaSwSirfetch'd
67%
AllisterShCursola
50%
ErikaLGPEExeggutor
50%
BeaSwHitmontop
50%
FlanneryEHoundour
50%
ElesaBW2Joltik
50%
BeaSwPangoro
50%
ErikaHGSSRoserade
50%
KofuSVVeluza
50%
KofuSVWugtrio
50%
AllisterShYamask
50%
KofuSVCrabominable
33%
ErikaLGPEParasect
33%
ErikaHGSSShiftry
33%
KofuSVClawitzer
17%
KofuSVFeraligatr
17%
ElesaBW2Flaaffy
17%
Crasher WakePLudicolo
0%
Crasher WakePSharpedo
0%

Score Distribution

Percentile by Number Answered

Percent of People with Each Score

Your Score History

You have not taken this quiz since the last reset